[Event "Wch FIDE Online U10 Asia qual"]
[Site "Tornelo INT"]
[Date "2020.12.13"]
[Round "6"]
[White "El Habboub, Hicham"]
[Black "Yen, Gideon"]
[Result "0-1"]
[WhiteElo "1192"]
[BlackElo "1307"]
[PlyCount "56"]
[EventDate "2020.12.11"]
[EventType "swiss (rapid)"]
[EventRounds "7"]
[EventCountry "ISS"]
[SourceTitle "EXT 2022"]
[Source "ChessBase"]
[SourceDate "2021.10.06"]
[SourceVersion "1"]
[SourceVersionDate "2021.10.06"]
[SourceQuality "1"]

1. e4 c6 2. d4 d5 3. exd5 cxd5 4. Nf3 Nc6 5. Bf4 Bg4 6. c3 e6 7. Bb5 Nf6 8. Qa4 Qb6 9. Ne5 Rc8 10. 0-0 a6 11. Bxc6+ bxc6 12. Qc2 Bf5 13. Qe2 Be7 14. b3 0-0 15. Nd2 c5 16. Bg5 Rfd8 17. Ndf3 cxd4 18. cxd4 Rc2 19. Qe3 Rdc8 20. Bxf6 Bxf6 21. Nd7 Qd8 22. Nxf6+ Qxf6 23. Rac1 Be4 24. Ne5 h6 25. h3 R8c3 26. Qe1 Rxc1 27. Qxc1 Rxc1 28. Rxc1 Qg5 0-1

[Event "Wch FIDE Online U10 Asia qual"]
[Site "Tornelo INT"]
[Date "2020.12.12"]
[Round "3"]
[White "Suhaas, A."]
[Black "El Habboub, Hicham"]
[Result "1-0"]
[WhiteElo "1522"]
[BlackElo "1192"]
[PlyCount "143"]
[EventDate "2020.12.11"]
[EventType "swiss (rapid)"]
[EventRounds "7"]
[EventCountry "ISS"]
[SourceTitle "EXT 2022"]
[Source "ChessBase"]
[SourceDate "2021.10.06"]
[SourceVersion "1"]
[SourceVersionDate "2021.10.06"]
[SourceQuality "1"]

1. Nf3 d5 2. d4 Nf6 3. g3 Nc6 4. Bg2 Bf5 5. 0-0 g6 6. a3 Bg7 7. Bg5 0-0 8. Bxf6 Bxf6 9. c3 Bg7 10. Nbd2 Nb8 11. Re1 c6 12. e4 Be6 13. e5 Qc8 14. Nf1 Nd7 15. Ng5 Nb6 16. Ne3 Bh6 17. Nxe6 Qxe6 18. Ng4 Bg7 19. Bh3 Kh8 20. f4 Qd7 21. e6 fxe6 22. Ne5 Bxe5 23. Rxe5 Rf6 24. Qe2 Nc4 25. Rxe6 Rxe6 26. Bxe6 Qd6 27. b3 Nxa3 28. Rxa3 a6 29. Ra1 Rf8 30. Re1 Qa3 31. Qe5+ Rf6 32. Qb8+ Kg7 33. Qg8+ Kh6 34. g4 Rxf4 35. g5+ Kxg5 36. Qxh7 Qxb3 37. Re5+ Rf5 38. Rxf5+ gxf5 39. Qxf5+ Kh6 40. Qf8+ Kh5 41. Qf3+ Kh6 42. Bf7 Qb1+ 43. Kg2 Qc2+ 44. Kg3 Qh7 45. Qh5+ Kg7 46. Qxh7+ Kxh7 47. Bh5 a5 48. Kf2 b5 49. Ke3 Kh6 50. Be8 b4 51. Bxc6 bxc3 52. Bxd5 Kg5 53. Kd3 Kh4 54. Kxc3 Kh3 55. Be6+ Kxh2 56. d5 Kg3 57. Kb3 Kf4 58. Ka4 Ke5 59. Kxa5 Kd6 60. Kb6 Ke5 61. Kc7 Kd4 62. Kd7 Ke5 63. Kxe7 Kd4 64. d6 Kc5 65. d7 Kb5 66. d8Q Kb4 67. Qc7 Kb5 68. Qc3 Kb6 69. Qc4 Kb7 70. Kd7 Ka7 71. Kc7 Ka8 72. Qa6# 1-0